01876nam a2200277 a 450000100100000000500170001000800410002704000250006808200210009310000510011424500940016526000640025930000210032349000940034450000460043865100470048465100600053183001010059191000370069295202160072995201340094595201340107995201780121395201900139199900170158100002620720240410073846.0110304s1963 dr 000 0 spa d aDO-SdBNPbspacBNPHU a923.27293bR696p1 aRodríguez Demorizi, Emilio,d1908-19869103910aPróceres de la restauración :bnoticias biográficas /cEmilio Rodríguez Demorizi. aSanto Domingo :bAcademia Dominicana de la Historia,c1963. a354 p. ;c24 cm.1 aAcademia Dominicana de la Historia. Centenario de la restauración de la Repúblicav12 aIncluye índice de personas y de lugares 4aRepública DominicanaxBiografías91325 0aRepública Dominicana --xHistoria --y1844-193091009 0aAcademia Dominicana de la Historia. Centenario de la restauración de la Repúblican12953218 aValidado. Control de calidad MFF 001054708DSaGRbGRcHDd2011-05-31iLF1l0o923.27293 R696pp26207-30r2020-06-25te. 3w2020-06-25yLFDSzPerteneció a la biblioteca personal de Juan Isidro Jimenes Grullón. DedicadoZPréstamo en sala 001054708DSaGRbGRcHDd2011-05-31iLF1l0o923.27293 R696pp26207-40r2020-06-25te. 4w2020-06-25yLFDSZPréstamo en sala 001052708DSaGRbGRcHDd2013-07-08iLF1l0o923.27293 R696pp26207-50r2020-06-25te. 5w2020-06-25yLFDSZPréstamo interno 0010718PDaPDbPDcHDd2011-03-04iLF1l0o923.27293 R696pp26207-10r2020-06-25w2020-06-25yLFPDzPerteneció a la biblioteca personal de Martínez Boog.ZNo se presta 0010718PDaPDbPDcHDd2011-05-31iLF1l0o923.27293 R696pp26207-20r2020-06-25te. 2w2020-06-25yLFPDzPerteneció a la biblioteca personal de Germán Emilio Ornes.ZNo se presta c25699d25699